000 00436nam a2200181Ia 4500
001 13816
005 20260306164829.0
008 260306t2013||||xx |||||||||||||| ||spa||
041 _aESP
082 _a005.3
_bS726
100 _aScott Peña, Patricia
_eAUT
245 0 _aManual imprescindible de office 2013
260 _c2013
300 _a415 páginas :
_c23 cm.
650 _aGEN
654 _aCCC
942 _cLIB
_dJUS
_fJUS
_2ddc
_n
999 _c13816
_d13816